Statistics for Japanese Greetings

Click here to take the quiz!

General Stats

  • This quiz has been taken 392 times
  • The average score is 5 of 8

Answer Stats

Hint Answer % Correct
KonnichiwaHello
97%
ArigatogozaimasuThank You Very Much
94%
OhaiyoGood Morning
90%
OyasumiGood Night
85%
HajimemashiteNice to meet you
59%
KonnbanwaGood Afternoon
55%
DoitashimashiteYou're Welcome
27%
ItekimasuI'm leaving
19%

Score Distribution

Percentile by Number Answered

Percent of People with Each Score

Your Score History

You have not taken this quiz